000 00602nam a2200217 a 4500
001 4772351
005 20180220085428.0
008 861210s1986 iaua b s100 0 eng
010 _a 86073132
040 _aDLC
_cDLC
_dDLC
041 _aeng
043 _an-us---
080 _a640.71 RUT
082 0 0 _a640.71 RUT
_219
100 _a52
101 _aBNJ
245 0 0 _aHuman resources research, 1887-1987 :
_cedited by Ruth E. Deacon and Wallace E. Huffman.
504 _aIncludes bibliographies.
906 _a7
_bcbc
_corignew
_d2
_eopcn
_f19
_gy-gencatlg
942 _2ddc
_cBK
999 _c42937
_d42937